01363nam a2200337Ia 4500001001200000003000800012006001900020007001500039008004100054010001700095020004200112020002600154040002100180035002100201050002200222082001700244245016100261260003700422300002600459490003600485504005100521533015200572650003900724650001900763650002000782655002900802700003000831700002100861710001700882856012600899ebr10603257CaPaEBRm u cr cn|||||||||120521s2012 vtua sb 001 0 eng d z 2012019176 z9781409448525 (hardback : alk. paper) z9781409448532 (ebook) aCaPaEBRcCaPaEBR a(OCoLC)81234637314aHD60b.A84 2012eb04a658.4/0822300aTerritories of social responsibilityh[electronic resource] :bopening the research and policy agenda /cedited by Patricia Almeida Ashley and David Crowth. aBurlington, VT :bGower,cc2012. axxvi, 191 p. :bill.0 aCorporate social responsibility aIncludes bibliographical references and index. aElectronic reproduction.bPalo Alto, Calif. :cebrary,d2011.nAvailable via World Wide Web.nAccess may be limited to ebrary affiliated libraries. 0aSocial responsibility of business. 0aSocial ethics. 0aResponsibility. 7aElectronic books.2local1 aAshley, Patricia Almeida.1 aCrowther, David.2 aebrary, Inc.40uhttp://site.ebrary.com/lib/rucke/Doc?id=10603257zAn electronic book accessible through the World Wide Web; click to view